| 000 | 00393nam a2200181Ia 4500 | ||
|---|---|---|---|
| 100 | _aTomasi/Wayne | ||
| 650 | _aCommunication | ||
| 250 | _a5 | ||
| 942 | _cBK | ||
| 366 | _f17.5 | ||
| 654 | _acommunication | ||
| 245 | _aElectronic communication system | ||
| 260 |
_bPearson Education _aMumbai _c2009 |
||
| 082 |
_a621.38/ROD _bROD |
||
| 300 | _a926 | ||
| 546 | _aENGLISH | ||
| 999 |
_c20252 _d20252 |
||